[Event "EU-chT Seniors 65"]
[Site "Swidnica"]
[Date "2023.07.19"]
[Round "8.7"]
[White "Holst, Per"]
[Black "Wahlbom, Magnus"]
[Result "0-1"]
[WhiteElo "2090"]
[BlackElo "2130"]
[PlyCount "48"]
[EventDate "2023.07.12"]
[EventType "team-swiss"]
[EventRounds "9"]
[EventCountry "POL"]
[SourceTitle "CBM 215 Extra"]
[Source "ChessBase"]
[SourceDate "2023.09.30"]
[SourceVersion "1"]
[SourceVersionDate "2023.09.30"]
[SourceQuality "1"]
[WhiteTeam "Denmark 65"]
[BlackTeam "Sweden 65"]
[WhiteTeamCountry "DEN"]
[BlackTeamCountry "SWE"]

1. Nf3 Nf6 2. c4 g6 3. Nc3 Bg7 4. e4 d6 5. d4 0-0 6. h3 e5 7. d5 a5 8. Be3 Nbd7 9. Be2 Nc5 10. Nd2 Ne8 11. Nb3 Nxb3 12. Qxb3 f5 13. 0-0-0 Nf6 14. Qc2 Qe7 15. Kb1 Bd7 16. Rdg1 Nxe4 17. Nxe4 fxe4 18. g4 c6 19. Qxe4 cxd5 20. cxd5 Qh4 21. Bd3 Rac8 22. Qg2 Bh6 23. g5 Bg7 24. Qg3 Qb4 0-1

[Event "EUR-chT Seniors 65"]
[Site "Prague"]
[Date "2021.09.03"]
[Round "5.3"]
[White "Holst, Per"]
[Black "Horak, Vladimir"]
[Result "1/2-1/2"]
[WhiteElo "2097"]
[BlackElo "1954"]
[PlyCount "54"]
[EventDate "2021.08.30"]
[EventType "team-swiss"]
[EventRounds "9"]
[EventCountry "CZE"]
[SourceTitle "CBM 204 Extra"]
[Source "ChessBase"]
[SourceDate "2021.11.30"]
[SourceVersion "1"]
[SourceVersionDate "2021.11.30"]
[SourceQuality "1"]
[WhiteTeam "Denmark SK 2012"]
[BlackTeam "Praha Chess Akademia 65"]
[WhiteTeamCountry "DEN"]
[BlackTeamCountry "CZE"]

1. d4 e6 2. Nf3 d5 3. g3 Nf6 4. Bg2 Nbd7 5. 0-0 Be7 6. c4 0-0 7. Qc2 c6 8. Nbd2 Re8 9. e4 dxe4 10. Nxe4 Nxe4 11. Qxe4 c5 12. Rd1 Nf6 13. Qc2 Qb6 14. d5 exd5 15. cxd5 Bg4 16. Qc4 Bd6 17. Be3 Re4 18. Qc2 Ree8 19. Qc4 h6 20. Rdc1 Rac8 21. Nd2 Bf5 22. Bf4 Qc7 23. Bxd6 Qxd6 24. Qb5 Be4 25. Nc4 Qxd5 26. Rd1 Qc6 27. Qxc6 Rxc6 1/2-1/2

[Event "WchT Seniors 65"]
[Site "Prague"]
[Date "2020.03.06"]
[Round "1.22"]
[White "Holst, Per"]
[Black "Juricek, Stanislav"]
[Result "0-1"]
[WhiteElo "2152"]
[BlackElo "2037"]
[PlyCount "98"]
[EventDate "2020.03.06"]
[EventType "team-swiss"]
[EventRounds "7"]
[EventCountry "CZE"]
[SourceTitle "CBM 195 Extra"]
[Source "ChessBase"]
[SourceDate "2020.05.31"]
[SourceVersion "1"]
[SourceVersionDate "2020.05.31"]
[SourceQuality "1"]
[WhiteTeam "Denmark 65"]
[BlackTeam "Czech Republic 65 X"]
[WhiteTeamCountry "DEN"]
[BlackTeamCountry "CZE"]

1. d4 Nf6 2. c4 e6 3. Nf3 d5 4. g3 dxc4 5. Qa4+ Bd7 6. Qxc4 Bc6 7. Bg2 Nbd7 8. 0-0 Be7 9. Nc3 0-0 10. Qd3 a6 11. Rd1 b5 12. a3 Bb7 13. b4 c6 14. e4 a5 15. Rb1 axb4 16. axb4 h6 17. h3 Ra6 18. Qe2 Re8 19. Be3 Ra3 20. Qb2 Qa8 21. Ra1 Bxb4 22. Rxa3 Qxa3 23. Qxa3 Bxa3 24. Ne5 Bb2 25. Nxd7 Nxd7 26. Ne2 Ra8 27. Rb1 Ra1 28. Rxa1 Bxa1 29. f4 Bb2 30. Nc1 c5 31. dxc5 Nxc5 32. Bxc5 Bxc1 33. Bf1 Bc6 34. Bd3 Bd2 35. Kf2 b4 36. Ke2 Bc3 37. Bc2 Bb5+ 38. Ke3 Bc4 39. Bd3 Bb3 40. Bd4 Be1 41. g4 f6 42. Ke2 Bc3 43. Ke3 e5 44. Bc5 exf4+ 45. Kxf4 Be6 46. Ke3 g5 47. Bb1 Kg7 48. Kd3 h5 49. gxh5 Kh6 0-1

[Event "DEN-ch Seniors 65"]
[Site "Logumkloster"]
[Date "2020.02.10"]
[Round "2"]
[White "Olesen, Bent"]
[Black "Holst, Per"]
[Result "1/2-1/2"]
[WhiteElo "1986"]
[BlackElo "2138"]
[PlyCount "137"]
[EventDate "2020.02.09"]
[EventType "swiss"]
[EventRounds "7"]
[EventCountry "DEN"]
[SourceTitle "EXT 2021"]
[Source "ChessBase"]
[SourceDate "2020.10.23"]
[SourceVersion "1"]
[SourceVersionDate "2020.10.23"]
[SourceQuality "1"]

1. d4 e6 2. Nf3 Nf6 3. e3 b6 4. Bd3 Bb7 5. Nbd2 c5 6. b3 Be7 7. Bb2 0-0 8. 0-0 cxd4 9. exd4 d6 10. c4 Nbd7 11. Qe2 Re8 12. h3 Nf8 13. Nh2 Qc7 14. f4 Ng6 15. Rac1 Rad8 16. Ng4 Qb8 17. Nxf6+ Bxf6 18. Qf2 d5 19. g3 Ne7 20. c5 bxc5 21. Rxc5 Nc8 22. g4 Be7 23. Rc2 Nd6 24. Qg2 Rc8 25. Rxc8 Rxc8 26. Qe2 Bd8 27. f5 exf5 28. Bxf5 Rc7 29. Ba3 Re7 30. Qf2 Ba6 31. Re1 Nxf5 32. gxf5 Rxe1+ 33. Qxe1 Bf6 34. Nf3 h6 35. Ne5 Qc8 36. Qf2 Qc3 37. Kg2 Bc8 38. Bb2 Qc7 39. h4 Qe7 40. h5 Bh4 41. Qf4 Bg5 42. Qf3 Qf6 43. Ng4 Qxf5 44. Qxf5 Bxf5 45. Ne5 Kf8 46. Nc6 a6 47. Kg3 Bc8 48. a4 Ke8 49. Ba3 Kd7 50. Ne5+ Ke6 51. Bc5 Bd8 52. b4 Bc7 53. Kf3 Bxe5 54. dxe5 Kxe5 55. b5 axb5 56. axb5 Kf5 57. Bf8 g6 58. Bxh6 gxh5 59. Kg3 d4 60. Kh4 Kg6 61. Bd2 Bb7 62. b6 f5 63. Kg3 Kf6 64. Bf4 Ke6 65. Kh4 Kd5 66. Kxh5 Ke4 67. Kg5 Bc8 68. Bc1 Kd5 69. b7 1/2-1/2

[Event "Wch Seniors 65 29th"]
[Site "Bucharest"]
[Date "2019.11.16"]
[Round "5"]
[White "Holst, Per"]
[Black "Green, Per"]
[Result "1/2-1/2"]
[WhiteElo "2153"]
[BlackElo "1958"]
[PlyCount "41"]
[EventDate "2019.11.12"]
[EventType "swiss"]
[EventRounds "11"]
[EventCountry "ROU"]
[SourceTitle "CBM 193 Extra"]
[Source "ChessBase"]
[SourceDate "2020.01.31"]
[SourceVersion "1"]
[SourceVersionDate "2020.01.31"]
[SourceQuality "1"]

1. d4 Nf6 2. c4 e6 3. Nc3 Bb4 4. e3 0-0 5. Nge2 c6 6. g3 d5 7. cxd5 exd5 8. Bg2 Bf5 9. 0-0 Qd7 10. a3 Bd6 11. b4 Bh3 12. Qb3 Bxg2 13. Kxg2 Na6 14. b5 Nc7 15. bxc6 bxc6 16. Qc2 Rfe8 17. Bd2 Ne6 18. h4 Rab8 19. Rfc1 Nd8 20. a4 h6 21. Rab1 1/2-1/2

[Event "WchT Seniors 65"]
[Site "Rhodes"]
[Date "2019.04.24"]
[Round "9.6"]
[White "Gudmundsson, Kristjan"]
[Black "Holst, Per"]
[Result "1-0"]
[WhiteElo "2268"]
[BlackElo "2150"]
[PlyCount "57"]
[EventDate "2019.04.16"]
[EventType "team-swiss"]
[EventRounds "9"]
[EventCountry "GRE"]
[SourceTitle "CBM 190 Extra"]
[Source "ChessBase"]
[SourceDate "2019.07.15"]
[SourceVersion "1"]
[SourceVersionDate "2019.07.15"]
[SourceQuality "1"]
[WhiteTeam "Iceland II"]
[BlackTeam "Norresundby"]
[WhiteTeamCountry "ISL"]
[BlackTeamCountry "DEN"]

1. Nf3 e6 2. g3 c5 3. Bg2 d5 4. 0-0 Nc6 5. d3 g6 6. Nbd2 Bg7 7. e4 Nge7 8. Re1 b6 9. e5 Qc7 10. Qe2 Bb7 11. Nf1 h6 12. h4 0-0-0 13. c3 d4 14. c4 Rdg8 15. N1h2 g5 16. h5 Kb8 17. Ng4 Nf5 18. Bd2 Qe7 19. a3 Re8 20. b4 cxb4 21. axb4 Nxb4 22. Bxb4 Qxb4 23. Reb1 Qe7 24. Qa2 Bc6 25. c5 b5 26. Nf6 Bxf6 27. exf6 Qb7 28. Ne5 Bxg2 29. c6 1-0

[Event "WchT Seniors 65"]
[Site "Rhodes"]
[Date "2019.04.16"]
[Round "1.2"]
[White "Holst, Per"]
[Black "Vogt, Lothar"]
[Result "0-1"]
[WhiteElo "2150"]
[BlackElo "2362"]
[PlyCount "46"]
[EventDate "2019.04.16"]
[EventType "team-swiss"]
[EventRounds "9"]
[EventCountry "GRE"]
[SourceTitle "CBM 190 Extra"]
[Source "ChessBase"]
[SourceDate "2019.07.15"]
[SourceVersion "1"]
[SourceVersionDate "2019.07.15"]
[SourceQuality "1"]
[WhiteTeam "Norresundby"]
[BlackTeam "Germany"]
[WhiteTeamCountry "DEN"]
[BlackTeamCountry "GER"]

1. d4 d6 2. c4 e5 3. Nf3 Nd7 4. Nc3 g6 5. e4 Bg7 6. Be2 Ngf6 7. d5 Nc5 8. Nd2 a5 9. 0-0 0-0 10. Rb1 Ne8 11. b3 f5 12. a3 Nf6 13. b4 axb4 14. axb4 Ncxe4 15. Ndxe4 Nxe4 16. Nxe4 fxe4 17. Rb3 Bd7 18. Rg3 Ra1 19. Bg4 Bh6 20. Qc2 Bf4 21. Bxd7 Qxd7 22. Rb3 Qf5 23. Be3 Bxh2+ 0-1

[Event "EU-chT Seniors 65"]
[Site "Walbrzych"]
[Date "2018.04.15"]
[Round "2.3"]
[White "White, Alastair F"]
[Black "Holst, Per"]
[Result "1/2-1/2"]
[WhiteElo "2069"]
[BlackElo "2140"]
[PlyCount "36"]
[EventDate "2018.04.14"]
[EventType "team-swiss"]
[EventRounds "9"]
[EventCountry "POL"]
[SourceTitle "CBM 184 Extra"]
[Source "ChessBase"]
[SourceDate "2018.06.28"]
[SourceVersion "1"]
[SourceVersionDate "2018.06.28"]
[SourceQuality "1"]
[WhiteTeam "Scotland 65"]
[BlackTeam "Denmark Norresundby 65"]
[WhiteTeamCountry "SCO"]
[BlackTeamCountry "DEN"]

1. e4 e6 2. b3 d5 3. Bb2 dxe4 4. Nc3 Nf6 5. Qe2 Be7 6. Nxe4 0-0 7. d4 Qd5 8. f3 Qa5+ 9. Qd2 Qxd2+ 10. Kxd2 Rd8 11. Bd3 Nc6 12. Ne2 Nb4 13. Ba3 Nxe4+ 14. Bxe4 e5 15. c3 Nc6 16. Bxe7 Nxe7 17. Ke3 exd4+ 18. Nxd4 Nd5+ 1/2-1/2

[Event "EU-chT Seniors"]
[Site "Vienna"]
[Date "2015.07.13"]
[Round "2.6"]
[White "Janetschek, Karl"]
[Black "Holst, Per"]
[Result "1-0"]
[WhiteElo "2231"]
[BlackElo "2072"]
[PlyCount "91"]
[EventDate "2015.07.12"]
[EventType "team-swiss"]
[EventRounds "9"]
[EventCountry "AUT"]
[SourceTitle "EXT 2018"]
[Source "ChessBase"]
[SourceDate "2017.10.13"]
[SourceVersion "1"]
[SourceVersionDate "2017.10.13"]
[SourceQuality "1"]
[WhiteTeam "Austria"]
[BlackTeam "Norresundby"]
[WhiteTeamCountry "AUT"]
[BlackTeamCountry "DEN"]

1. e4 e6 2. d4 d5 3. Nd2 Nf6 4. e5 Nfd7 5. Bd3 c5 6. c3 Nc6 7. Ne2 cxd4 8. cxd4 f6 9. exf6 Nxf6 10. 0-0 Bd6 11. Nf3 Qc7 12. Bg5 0-0 13. Rc1 Bd7 14. a3 Be8 15. Nc3 a6 16. Qe2 Qe7 17. Rfe1 Bd7 18. Qc2 Qf7 19. Ne2 e5 20. dxe5 Nxe5 21. Nxe5 Bxe5 22. Nf4 Rac8 23. Qd2 Rxc1 24. Rxc1 Bc6 25. f3 Qc7 26. Ne6 Qb6+ 27. Be3 d4 28. Nxd4 Bxd4 29. Bc4+ Bd5 30. Qxd4 Qe6 31. Bg5 Bxc4 32. Bxf6 Qxf6 33. Qxf6 Rxf6 34. Rxc4 h6 35. Kf2 Re6 36. f4 b5 37. Rc2 Kf7 38. Kf3 Ke7 39. Rc7+ Kf6 40. g4 Rd6 41. Rc2 Ke6 42. h4 Kd7 43. h5 Re6 44. g5 hxg5 45. fxg5 Ke7 46. Re2 1-0